European office clock (Record no. 107565)

MARC details
000 -LEADER
fixed length control field 00982cad a22002055 4500
001 - CONTROL NUMBER
control field L140891
008 - FIXED-LENGTH DATA ELEMENTS--GENERAL INFORMATION
fixed length control field 070130n2007 xxkad f s 000 0 eng u
035 ## - SYSTEM CONTROL NUMBER
System control number (Sirsi) u140891
041 0# - LANGUAGE CODE
Language code of text/sound track or separate title eng
110 2# - MAIN ENTRY--CORPORATE NAME
Corporate name or jurisdiction name as entry element Jones Lang LaSalle
9 (RLIN) 3755
245 00 - TITLE STATEMENT
Title European office clock
Remainder of title Q2 2007
Medium [electronic resource]
260 ## - PUBLICATION, DISTRIBUTION, ETC.
Place of publication, distribution, etc. [s.l.]
Name of publisher, distributor, etc. Jones Lang LaSalle
Date of publication, distribution, etc. 2007
490 #0 - SERIES STATEMENT
Series statement European Office Clock
Volume/sequential designation Q2 2007
520 ## - SUMMARY, ETC.
Summary, etc. Reports that the European office rental index increased by 4.6% over the last quarter and 11% over the year. In the second quarter of 2007 another 1.2 million square metres of new office space was completed across Europe, bringing the total H1 volume to 2.3 million square metres, down 3% compared to the same period in 2006.
590 ## - LOCAL NOTE (RLIN)
Local note KA
651 #4 - SUBJECT ADDED ENTRY--GEOGRAPHIC NAME
Geographic name Europe
690 ## - LOCAL SUBJECT ADDED ENTRY--TOPICAL TERM (OCLC, RLIN)
Topical term or geographic name as entry element PROPERTY-COMMERCIAL PROPERTY-OFFICE PROPERTY
856 40 - ELECTRONIC LOCATION AND ACCESS
Uniform Resource Identifier <a href="https://www.joneslanglasalle.com">https://www.joneslanglasalle.com</a>
Public note View the item free of charge after registration at www.joneslanglasalle.com...
942 ## - ADDED ENTRY ELEMENTS (KOHA)
Suppress in OPAC 0
Holdings
Withdrawn status Lost status Source of classification or shelving scheme Damaged status Not for loan Home library Current library Shelving location Date acquired Total Checkouts Full call number Barcode Date last seen Copy number Price effective from Koha item type
    Dewey Decimal Classification     Virtual Virtual Online 16/10/2007   ONLINE PUBLICATION 140891-1001 06/08/2019 1 06/08/2019 Book